| 000 | 00355nam a22001577a 4500 | ||
|---|---|---|---|
| 999 |
_c479890 _d479890 |
||
| 003 | NUST | ||
| 008 | 151029t xxu||||| |||| 00| 0 eng d | ||
| 020 | _aNA | ||
| 038 | _aASAB | ||
| 082 | _aFic | ||
| 100 |
_aRafat siraj _91350 |
||
| 245 | _aTair e lahoti | ||
| 260 |
_aLahore _bKhazena e elm o adab lahore _c2005 |
||
| 300 | _a824 P | ||
| 942 |
_2ddc _cBK |
||